00374cam a22001334a 4500020001500000040000800015082002600023100002100049245007700070246002700147260002600174300002600200650001400226 a2259194125 cDLC a959 PLO 2001 A101 Or.1 aTauriac, Michel.10aViêt Nam :ble dossier noir du communisme. Hô so den Viêt Công /0 aDe 1945 à nos jours. aParis :bPlon,c2001. a251, [5] p. ;c23 cm. 0aCommunism